Peter Tatarka ťažká obhajoba striebra

Bibliographic Details
Main Author: Valko, Juraj (Author)
Format: Article
Language:Slovak
PhysicalDescription:Fotogr.
ISSN:1336-6068
Subjects:

MARC

LEADER 00000nab a2200000 ar4500
001 vtls008642839
003 SK-MaSNL
005 20260303072503.0
008 060403c2006 xo wr|p|||||||000 b|slo
015 |a SNBRB2006/04  |2 snkbucl 
038 |a SNKBUCL 
040 |a SNKBUCL  |b slo  |c SNKBUCL  |e AACR2 
041 0 |a slo 
044 |a xo  |c SK 
080 |a 796.894.077  |2 UDC-MRF-SK2 
100 1 |a Valko, Juraj  |4 aut  |9 888895 
245 1 0 |a Peter Tatarka  |b ťažká obhajoba striebra  |c Juraj Valko 
300 |b Fotogr. 
600 1 7 |a Tatarka, Peter  |2 snkbucl  |9 1072836 
650 0 7 |a kulturistika  |2 snkbucl  |9 3254 
773 0 |t Muscular Storm  |g Č. 3 (2006), s. 9  |x 1336-6068 
852 |a SNK  |b KIS3GCP 
999 |c 1763665  |d 1765595